00495nam a2200193 a 4500001001300000003000900013005001700022008004100039020001200080082001300092100001900105245005900124260002500183300000900208500003500217505001700252650001300269700001900282nice12345678IN_TiNIC20260116012242.0050524s1954 lona grp 000 0 eng  ac16.7500a230bWOO aWoodhouse, H F aDoctrine of the Church in Anglican Theology 1547-1603. aLondon bSPCK c1954 a223p aincludes index and biblioraphy2 aBibliography aTheology1 aWoodhouse, H F